000 00540nam a2200133Ia 4500
005 20260209120148.0
008 260209s9999||||xx |||||||||||||| ||und||
100 _aPratiyush Kumar
245 0 _aAiming for an augmented ‘patent-centric’ standard : a critical analysis of the ‘informed consent’ model.
260 _aBangaloreBangalore
_bNLSIU, Bangalore
_c2023
300 _avii, 46 p. ; 25 cm.
700 _aMs. Nanditta Batra - Supervisor Ms. Nanditta Batra - Supervisor
856 _uhttps://dans.nls.ac.in/handle/123456789/1213
999 _c217607
_d217607